Представление документа в формате RUSMARC

ПолеНазваниеЗначение
  Тип записи a
  Библиографический уровень m
001 Контрольный номер RU/SLIB/B/208740528
005 Дата корректировки 20231030162130.0
010 Индекс ISBN __
d Цена 0-50
101 Язык документа 0_
a Язык текста rus
200 Заглавие и сведения об ответственности 1_
a Заглавие Грибные блюда
b Общее обозначение материала Текст
205 Сведения об издании __
a Основные сведения об издании 2-е изд.
210 Выходные данные 1_
a Место издания Таллин
c Издательство Валгус
d Дата издания 1978
215 Физическое описание __
a Объем 126 с.
606 Тематические рубрики __
a Основная рубрика Домоводство
610 Ключевые слова 0_
a Ключевые слова грибные блюда; кулинарные рецепты; приготовление грибов
686 Индексы других классификаций __
a Классификационный индекс 36.992; ст36.992
700 Автор _1
a Фамилия Массо
b Имя С. О.
4 Код отношения 070
801 Источник записи _0
a Страна RU
b Организация Муниципальное бюджетное учреждение культуры "Централизованная библиотечная система" г. Сургут (Центральная городская библиотека им. А. С. Пушкина)
g Правила каталогизации КиК/Елгина
801 Источник записи _1
a Страна RU
b Организация Муниципальное бюджетное учреждение культуры "Централизованная библиотечная система" г. Сургут (Центральная городская библиотека им. А. С. Пушкина)
g Правила каталогизации КиК/Елгина
852 Данные о местонахождении __
j Шифр хранения 36.992
c Каталожный индекс 36.992
i Авторский знак М 32
p Инвентарный номер 116120(с)
901 Тип документа __
t Тип документа m
990 Данные о заказе (DOS) __
j Количество экземпляров (DOS) 1